00863cam a22002534a 450000100090000000300040000900500170001300800410003001000170007102000280008804000180011604200080013405000240014208200140016610000230018024500760020325000060027926000420028530000360032750400510036365000260041485600780044085600910051813423875OSt20150408113925.0031204s2005 maua b 001 0 eng  a 2003026394 a0072853182 (alk. paper) aDLCcDLCdDLC apcc00aQA76.758b.P75 200500a005.12221 aPressman, Roger S.10aSoftware engineering :ba practitioner's approach /cRoger S. Pressman. a6 aBoston, Mass. :bMcGraw-Hill,cc2005. axxxii, 912 p. :bill. ;c24 cm. aIncludes bibliographical references and index. 0aSoftware engineering.413Table of contentsuhttp://www.loc.gov/catdir/toc/ecip0411/2003026394.html423Publisher descriptionuhttp://www.loc.gov/catdir/enhancements/fy0702/2003026394-d.html